[Event "Albox"]
[Site "(Almería)"]
[Date "2003.07.20"]
[Round "?"]
[White "Suba, Mihai"]
[Black "Gamundi Salamanca, Antonio"]
[Result "1/2-1/2"]
[WhiteElo "2498"]
[BlackElo "2450"]
[PlyCount "25"]
[EventDate "2003.07.20"]

1. d4 Nf6 2. c4 e6 3. Nc3 Bb4 4. e3 O-O 5. Bd3 d5 6. Nge2 c5 7. cxd5 exd5 8. a3
Bxc3+ 9. bxc3 Nc6 10. f3 Re8 11. O-O Qc7 12. Ng3 Bd7 13. Ra2 1/2-1/2

[Event "Albox"]
[Site "(Almería)"]
[Date "2003.07.20"]
[Round "?"]
[White "Romero Holmes, Alfonso"]
[Black "Del Rio Angelis, Gabriel"]
[Result "0-1"]
[WhiteElo "2550"]
[BlackElo "2492"]
[PlyCount "112"]
[EventDate "2003.07.20"]

1. c4 e6 2. d4 Nf6 3. g3 c5 4. Nf3 cxd4 5. Nxd4 d5 6. Bg2 e5 7. Nb5 d4 8. f4 a6
9. fxe5 axb5 10. exf6 Qxf6 11. cxb5 Bc5 12. Nd2 O-O 13. Ne4 Bb4+ 14. Bd2 Qe7
15. O-O Nd7 16. Bg5 Qe5 17. Qb3 Bc5 18. Rac1 d3+ 19. e3 Bb6 20. Bf4 Qh5 21.
Qxd3 Ne5 22. Qc3 Ng6 23. Bd6 Re8 24. Bc5 Bxc5 25. Qxc5 Qxc5 26. Rxc5 Rd8 27. a3
f6 28. Rc7 Ne5 29. Nc3 Rb8 30. Rd1 Rxd1+ 31. Nxd1 b6 32. Bd5+ Kf8 33. e4 Bd7
34. Nc3 Ke7 35. Kf2 Kd6 36. Ra7 h5 37. a4 g5 38. Ke3 h4 39. b4 Rc8 40. Ne2 Ng4+
41. Kd2 Nxh2 42. gxh4 gxh4 43. Nd4 Rd8 44. Rb7 h3 45. Rxb6+ Ke5 46. Nc6+ Bxc6
47. bxc6 Nf1+ 48. Kd3 h2 49. c7 Rxd5+ 50. exd5 h1=Q 51. Re6+ Kxd5 52. c8=Q Qh3+
53. Ke2 Ng3+ 54. Kd3 Ne4+ 55. Ke2 Qg2+ 56. Ke3 Qf2+ 0-1

[Event "Albox"]
[Site "(Almería)"]
[Date "2003.10.13"]
[Round "?"]
[White "Rustemov, Alexander"]
[Black "Saldano, Horacio"]
[Result "1/2-1/2"]
[WhiteElo "2604"]
[BlackElo "2423"]
[PlyCount "85"]
[EventDate "2003.07.20"]

1. d4 c5 2. d5 g6 3. c4 Bg7 4. e4 d6 5. Nc3 Nf6 6. Bd3 O-O 7. h3 e6 8. Nf3 Na6
9. O-O Nc7 10. dxe6 Nxe6 11. Be3 Nd7 12. Re1 Ne5 13. Bf1 Nxf3+ 14. Qxf3 Nd4 15.
Qd1 Be6 16. Qd2 Bxh3 17. Bxd4 cxd4 18. Nb5 Bd7 19. Nxd4 Qb6 20. Rad1 Rfe8 21.
Nb5 Bxb5 22. cxb5 Re7 23. Bc4 Rae8 24. b3 Rxe4 25. g3 Rxe1+ 26. Rxe1 Rxe1+ 27.
Qxe1 Be5 28. Kg2 Kg7 29. Qe4 Qc7 30. a4 b6 31. Qd5 Qe7 32. Kf1 Qf6 33. Ke2 Bd4
34. f4 h5 35. Kf3 Bc5 36. Qb7 g5 37. Qd5 gxf4 38. gxf4 Qg6 39. Qg5 Qxg5 40.
fxg5 Kg6 41. Kf4 Bb4 42. Bd3+ Kg7 43. Kf5 1/2-1/2

[Event "Albox"]
[Site "(Almería)"]
[Date "2003.10.13"]
[Round "?"]
[White "Del Rio Angelis, Gabriel"]
[Black "Zlotnik, Boris"]
[Result "0-1"]
[WhiteElo "2492"]
[BlackElo "2419"]
[PlyCount "62"]
[EventDate "2003.07.20"]

1. e4 e6 2. d4 d5 3. Nc3 Bb4 4. e5 b6 5. Bd2 Ne7 6. Bb5+ c6 7. Ba4 Bd7 8. a3
Bxc3 9. Bxc3 c5 10. Bb3 Nbc6 11. Nf3 O-O 12. O-O Nf5 13. dxc5 bxc5 14. Ba2 Rb8
15. Rb1 a5 16. Bd2 Qc7 17. Bf4 Rb7 18. c4 d4 19. Re1 Rfb8 20. Re2 Nce7 21. Ne1
Ng6 22. Qc1 Bc6 23. Nd3 Bxg2 24. Kxg2 Qc6+ 25. f3 Nfh4+ 26. Kg1 Qxf3 27. Qd2
Qg4+ 28. Kh1 Nf3 29. Qc1 Qf5 30. Qf1 Qxd3 31. Rd1 Qf5 0-1

[Event "Albox"]
[Site "(Almería)"]
[Date "2003.10.13"]
[Round "?"]
[White "Saldano, Horacio"]
[Black "Suba, Mihai"]
[Result "1-0"]
[WhiteElo "2423"]
[BlackElo "2498"]
[PlyCount "59"]
[EventDate "2003.07.20"]

1. d4 e6 2. e4 d5 3. e5 c5 4. c3 Nc6 5. Nf3 Qb6 6. a3 a5 7. Bd3 Bd7 8. O-O cxd4
9. cxd4 Nxd4 10. Nxd4 Qxd4 11. Nc3 Nh6 12. Nb5 Qxe5 13. g3 Bxb5 14. Bxb5+ Kd8
15. Bf4 Qxb2 16. Qa4 Bc5 17. Rac1 b6 18. Bd7 Ra7 19. Qc6 Rxd7 20. Qa8+ Ke7 21.
Qxh8 Nf5 22. Qxh7 Qxa3 23. Rce1 Qf3 24. Qxf5 Ke8 25. Qh7 Qc3 26. Qg8+ Ke7 27.
Be5 Qd2 28. Bxg7 Bxf2+ 29. Kh1 Bxe1 30. Qf8# 1-0

[Event "Albox"]
[Site "(Almería)"]
[Date "2003.10.13"]
[Round "?"]
[White "Epishin, Vladimir"]
[Black "Romero Holmes, Alfonso"]
[Result "1/2-1/2"]
[WhiteElo "2642"]
[BlackElo "2550"]
[PlyCount "22"]
[EventDate "2003.07.20"]

1. d4 Nf6 2. c4 g6 3. Nc3 Bg7 4. e4 d6 5. Nf3 O-O 6. Be2 Bg4 7. Be3 Nfd7 8. O-O
Nc6 9. g3 Na5 10. Nh4 Bh3 11. Re1 c5 1/2-1/2

[Event "Albox"]
[Site "(Almería)"]
[Date "2003.10.13"]
[Round "?"]
[White "Suba, Mihai"]
[Black "Zlotnik, Boris"]
[Result "1-0"]
[WhiteElo "2498"]
[BlackElo "2419"]
[PlyCount "81"]
[EventDate "2003.07.20"]

1. c4 Nf6 2. Nf3 g6 3. g3 Bg7 4. Bg2 O-O 5. O-O d6 6. Nc3 Nc6 7. d3 a6 8. a3
Rb8 9. Rb1 Bd7 10. b4 b5 11. h3 Qc8 12. Kh2 bxc4 13. dxc4 Bf5 14. Rb3 Be6 15.
Ng5 Bd7 16. Be3 Ne5 17. Nd5 Nxd5 18. cxd5 Ba4 19. Qb1 Bxb3 20. Qxb3 Qb7 21. f4
Nd7 22. Rc1 Nf6 23. Bf3 a5 24. Bd2 axb4 25. a4 Rfc8 26. Kg2 h6 27. Ne4 Nd7 28.
Rc4 Qa6 29. g4 Ra8 30. Rxb4 Rcb8 31. a5 Rxb4 32. Qxb4 Rb8 33. Qa4 Qb5 34. Qc2
Nc5 35. Nxc5 Qxc5 36. Qxc5 dxc5 37. d6 c4 38. dxe7 Bd4 39. Bc6 c3 40. Bc1 Kg7
41. e8=Q 1-0

[Event "Albox"]
[Site "(Almería)"]
[Date "2003.10.13"]
[Round "?"]
[White "Rustemov, Alexander"]
[Black "Del Rio Angelis, Gabriel"]
[Result "1/2-1/2"]
[WhiteElo "2604"]
[BlackElo "2492"]
[PlyCount "75"]
[EventDate "2003.07.20"]

1. d4 Nf6 2. Nf3 e6 3. c4 d5 4. Nc3 Be7 5. Bf4 O-O 6. e3 c5 7. dxc5 Bxc5 8. Qc2
Nc6 9. a3 Qa5 10. Nd2 Be7 11. Rd1 e5 12. Bg5 d4 13. Nb3 Qd8 14. Be2 a5 15. Na4
Ng4 16. Bxe7 Qxe7 17. exd4 Qh4 18. g3 Qf6 19. O-O exd4 20. Nb6 Bf5 21. Qd2 d3
22. Nd5 Qg6 23. Bxd3 Bxd3 24. Qxd3 Qh5 25. h4 Nge5 26. Qc3 Qg4 27. Kg2 Qxc4 28.
Nc5 Qg4 29. f3 Qc4 30. Rfe1 Qxc3 31. Nxc3 Rfd8 32. Rxd8+ Rxd8 33. Rd1 Rxd1 34.
Nxd1 b6 35. Na4 b5 36. Nac3 Nd4 37. Kf2 Nc4 38. Ne2 1/2-1/2

[Event "Albox"]
[Site "(Almería)"]
[Date "2003.10.13"]
[Round "?"]
[White "Zlotnik, Boris"]
[Black "Romero Holmes, Alfonso"]
[Result "0-1"]
[WhiteElo "2419"]
[BlackElo "2550"]
[PlyCount "132"]
[EventDate "2003.07.20"]

1. d4 e6 2. e4 d5 3. e5 c5 4. c3 Nc6 5. Nf3 Bd7 6. Be2 Nge7 7. Na3 Nf5 8. Nc2
cxd4 9. cxd4 Qa5+ 10. Bd2 Qb6 11. Bc3 Be7 12. O-O a5 13. Qd2 O-O 14. Ne3 Nxe3
15. Qxe3 Nb4 16. Rfc1 Bb5 17. Bd1 Bc4 18. b3 Bb5 19. a3 Nc6 20. h4 Rfc8 21. g3
Rc7 22. Kg2 Rac8 23. Qd2 Qa6 24. Kg1 h6 25. Bb2 Bd3 26. Rc3 Be4 27. Be2 Qb6 28.
Bd1 Na7 29. Rxc7 Rxc7 30. Bc3 Nc6 31. Ne1 Qa7 32. Be2 b6 33. b4 Qa8 34. b5 Nb8
35. Bb2 Nd7 36. f3 Bf5 37. Rc1 Qc8 38. Kf2 f6 39. exf6 Bxf6 40. Rxc7 Qxc7 41.
Qc3 Qxc3 42. Bxc3 Bb1 43. Nd3 Kf7 44. Ke3 Ba2 45. Nb2 Be7 46. a4 Bb3 47. Bd1
Bxd1 48. Nxd1 h5 49. Nb2 Bd6 50. Be1 e5 51. dxe5 Nxe5 52. Bc3 Ke6 53. Bd4 Bc5
54. f4 Ng4+ 55. Kd3 g6 56. Nd1 Kd6 57. Bg7 Nf2+ 58. Nxf2 Bxf2 59. Be5+ Kd7 60.
f5 gxf5 61. Ke2 Ke6 62. Bf4 Bc5 63. Kf3 d4 64. Bc7 Kd5 65. Bd8 Kc4 66. Kf4 d3
0-1

[Event "Albox"]
[Site "(Almería)"]
[Date "2003.10.13"]
[Round "?"]
[White "Saldano, Horacio"]
[Black "Epishin, Vladimir"]
[Result "1/2-1/2"]
[WhiteElo "2419"]
[BlackElo "2642"]
[PlyCount "57"]
[EventDate "2003.07.20"]

1. d4 Nf6 2. Bg5 e6 3. e4 h6 4. Bxf6 Qxf6 5. c3 d5 6. e5 Qd8 7. Nf3 c5 8. dxc5
Nd7 9. b4 Qc7 10. Bb5 Be7 11. O-O O-O 12. Re1 b6 13. c6 Nb8 14. Nd4 a6 15. Ba4
b5 16. Bc2 Nxc6 17. Qd3 g6 18. Nxc6 Qxc6 19. Nd2 Bd7 20. Qg3 Rfc8 21. Bxg6 Qxc3
22. Nf3 fxg6 23. Qxg6+ Kf8 24. Qxh6+ Ke8 25. Qg6+ Kf8 26. Qh6+ Ke8 27. Qg6+ Kf8
28. Qh6+ Ke8 29. Qg6+ 1/2-1/2

[Event "Albox"]
[Site "(Almería)"]
[Date "2003.10.13"]
[Round "?"]
[White "Suba, Mihai"]
[Black "Rustemov, Alexander"]
[Result "1-0"]
[WhiteElo "2498"]
[BlackElo "2604"]
[PlyCount "161"]
[EventDate "2003.07.20"]

1. c4 e6 2. Nc3 d5 3. d4 Be7 4. cxd5 exd5 5. Bf4 c6 6. e3 Bd6 7. Bg3 Ne7 8.
Nge2 O-O 9. Nf4 Bf5 10. Qb3 Nc8 11. Nd3 Qb6 12. Bxd6 Nxd6 13. Nc5 Nd7 14. Nxd7
Bxd7 15. Qa3 Bf5 16. Be2 a5 17. O-O Qb4 18. Qb3 Rfe8 19. Rfc1 Ne4 20. Nxe4 Bxe4
21. Qxb4 axb4 22. a3 bxa3 23. Rxa3 Rxa3 24. bxa3 Ra8 25. Rc3 Kf8 26. f3 Bf5 27.
g4 Be6 28. Kf2 Ke7 29. Rb3 Ra7 30. h4 h6 31. g5 hxg5 32. hxg5 Kd6 33. Bd3 Kc7
34. Kg3 Ra8 35. Kf4 Rh8 36. Bf5 Bxf5 37. Kxf5 Rh3 38. f4 b5 39. a4 bxa4 40. Ra3
Kd6 41. Kg4 Rh1 42. Rxa4 g6 43. Ra7 Rg1+ 44. Kf3 Ke6 45. Rc7 Rc1 46. Ke2 Rc2+
47. Kd3 Rc1 48. Kd2 Rc4 49. Ra7 Rb4 50. Kc2 Rc4+ 51. Kd3 Rb4 52. Rc7 Rb3+ 53.
Kd2 Rb2+ 54. Kc3 Rb6 55. Kc2 Ra6 56. Kb3 Rb6+ 57. Kc3 Ra6 58. Kb4 Ra1 59. Rxc6+
Kd7 60. Rf6 Ke7 61. Kc5 Re1 62. Kxd5 Rxe3 63. Ra6 Rf3 64. Ra7+ Kf8 65. Ke4 Rf1
66. d5 Re1+ 67. Kd4 Ke8 68. d6 Re2 69. Ra8+ Kd7 70. Rf8 Kxd6 71. Rxf7 Re6 72.
Ra7 Kc6 73. Ra6+ Kd7 74. Rxe6 Kxe6 75. Ke4 Kf7 76. Kd5 Ke7 77. Ke5 Kf7 78. Kd6
Kg8 79. Ke6 Kg7 80. Ke7 Kg8 81. Kf6 1-0

[Event "Albox"]
[Site "(Almería)"]
[Date "2003.07.20"]
[Round "?"]
[White "Gamundi Salamanca, Antonio"]
[Black "Romero Holmes, Alfonso"]
[Result "1-0"]
[WhiteElo "2450"]
[BlackElo "2550"]
[PlyCount "87"]
[EventDate "2003.07.20"]

1. d4 e6 2. c4 b6 3. Nc3 Bb7 4. a3 f5 5. Nf3 Nf6 6. g3 Ne4 7. Bd2 Nc6 8. e3
Nxd2 9. Kxd2 g6 10. Kc2 Bg7 11. Rc1 O-O 12. Kb1 d6 13. Be2 e5 14. d5 Ne7 15. h4
h6 16. e4 Bc8 17. h5 g5 18. Nd2 Bd7 19. exf5 Nxf5 20. Nde4 Nd4 21. Bg4 a6 22.
Bxd7 Qxd7 23. Ne2 b5 24. c5 Qg4 25. N2c3 Qd7 26. cxd6 cxd6 27. Ne2 Qf7 28. Nxd4
Qxd5 29. Qb3 Qxb3 30. Nxb3 d5 31. Nc3 Rxf2 32. Nxd5 Rf3 33. Nc5 Rxg3 34. Ne4
Rf3 35. Rc7 Raf8 36. Ne7+ Kh7 37. Rd1 Rf1 38. Kc1 Rxd1+ 39. Kxd1 Rf4 40. Nd5
Rf8 41. Ke2 Kg8 42. Ne7+ Kh7 43. Nd6 Bf6 44. Ng6+ 1-0

[Event "Albox"]
[Site "(Almería)"]
[Date "2003.07.20"]
[Round "?"]
[White "Suba, Mihai"]
[Black "Epishin, Vladimir"]
[Result "1/2-1/2"]
[WhiteElo "2498"]
[BlackElo "2642"]
[PlyCount "54"]
[EventDate "2003.07.20"]

1. Nf3 Nf6 2. c4 e6 3. Nc3 Bb4 4. Qc2 O-O 5. a3 Bxc3 6. Qxc3 b6 7. b4 Bb7 8.
Bb2 d6 9. e3 Nbd7 10. Be2 e5 11. d3 Re8 12. O-O c5 13. Rfe1 Rc8 14. d4 cxd4 15.
exd4 Nd5 16. Qd2 Nf4 17. dxe5 Nxe2+ 18. Qxe2 Nxe5 19. Nxe5 dxe5 20. Qg4 Qc7 21.
Rad1 Qxc4 22. Qxc4 Rxc4 23. Rxe5 Rcc8 24. h4 Rxe5 25. Bxe5 f6 26. Bf4 Bc6 27.
Be3 Kf7 1/2-1/2

[Event "Albox"]
[Site "(Almería)"]
[Date "2003.07.20"]
[Round "?"]
[White "Zlotnik, Boris"]
[Black "Rustemov, Alexander"]
[Result "0-1"]
[WhiteElo "2419"]
[BlackElo "2604"]
[PlyCount "94"]
[EventDate "2003.07.20"]

1. d4 d5 2. Nf3 Nf6 3. c4 e6 4. Nc3 Be7 5. Bg5 h6 6. Bh4 O-O 7. e3 b6 8. Be2
Bb7 9. Bxf6 Bxf6 10. cxd5 exd5 11. b4 c6 12. O-O a5 13. bxa5 Rxa5 14. Qb3 Nd7
15. a4 Re8 16. Rab1 Qa8 17. Rfc1 Ba6 18. Bxa6 Rxa6 19. Ne1 Be7 20. Nd3 Bd6 21.
Qc2 Re6 22. g3 h5 23. Ne2 Ba3 24. Rd1 Rxa4 25. Ndf4 Rh6 26. Qf5 Ra7 27. Rd3 Be7
28. Rc3 b5 29. Rc2 Nb6 30. Kg2 Nc4 31. Rb3 Qb7 32. Nd3 h4 33. gxh4 Bxh4 34.
Nef4 g6 35. Qg4 Kg7 36. Nc5 Qe7 37. Nh3 Ra8 38. Re2 Rah8 39. e4 dxe4 40. Rxe4
Qd6 41. Rd3 f5 42. Ne6+ Qxe6 43. Rxe6 fxg4 44. Nf4 Bg5 45. Kg3 Bxf4+ 46. Kxf4
g5+ 47. Kf5 Nd6+ 0-1

[Event "Albox"]
[Site "(Almería)"]
[Date "2003.07.20"]
[Round "?"]
[White "Romero Homes, Alfonso"]
[Black "Saldano, Horacio"]
[Result "1/2-1/2"]
[WhiteElo "2550"]
[BlackElo "2423"]
[PlyCount "60"]
[EventDate "2003.07.20"]

1. c4 c6 2. d4 d5 3. Nf3 Nf6 4. Qc2 e6 5. g3 Nbd7 6. Nbd2 Bd6 7. Bg2 O-O 8. O-O
Re8 9. b3 e5 10. cxd5 cxd5 11. dxe5 Nxe5 12. Bb2 Bg4 13. Rad1 Rc8 14. Qb1 Nxf3+
15. exf3 Bh5 16. Bd4 Bg6 17. Qa1 Bd3 18. Rfe1 Rxe1+ 19. Rxe1 Bb4 20. Be3 Qa5
21. Rc1 Rxc1+ 22. Qxc1 h6 23. Qc8+ Kh7 24. Nf1 Bc3 25. Qxb7 d4 26. Bf4 Qxa2 27.
Be5 Kg8 28. Qc8+ Kh7 29. Qb7 Bg6 30. Bxf6 Bc2 1/2-1/2

[Event "Albox"]
[Site "(Almería)"]
[Date "2003.07.20"]
[Round "?"]
[White "Del Angelis, Gabriel"]
[Black "Suba, Mihai"]
[Result "1/2-1/2"]
[WhiteElo "2492"]
[BlackElo "2498"]
[PlyCount "95"]
[EventDate "2003.07.20"]

1. e4 Nf6 2. e5 Nd5 3. d4 d6 4. Nf3 Nb6 5. h3 dxe5 6. Nxe5 N8d7 7. Nf3 g6 8.
Be2 Bg7 9. O-O O-O 10. c4 c6 11. Nc3 Qc7 12. Bg5 Re8 13. Rc1 Nf8 14. Bh4 Bf5
15. Bg3 Qd8 16. Re1 Ne6 17. d5 Bxc3 18. Rxc3 cxd5 19. c5 d4 20. Rc1 Nd7 21.
Nxd4 Ndxc5 22. Nxf5 gxf5 23. Qc2 Ne4 24. Bh4 Qb6 25. Bd3 Rac8 26. Qxc8 Rxc8 27.
Rxc8+ Kg7 28. Bxe4 fxe4 29. Rxe4 Qxb2 30. Rg4+ Kh6 31. Bxe7 f5 32. Rg3 Qa1+ 33.
Kh2 Qxa2 34. Ba3 f4 35. Bc1 Qxf2 36. Rg4 Qe1 37. Re8 Qxc1 38. Rxe6+ Kh5 39. Re7
Kh6 40. Rxb7 f3 41. gxf3 Qd2+ 42. Rg2 Qf4+ 43. Kh1 Qxf3 44. Rxa7 Qf1+ 45. Kh2
Qf4+ 46. Kh1 Qf1+ 47. Kh2 Qf4+ 48. Kh1 1/2-1/2

[Event "Albox"]
[Site "(Almería)"]
[Date "2003.07.20"]
[Round "?"]
[White "Rustemov, Alexander"]
[Black "Gamundi Salamanca, Antonio"]
[Result "1/2-1/2"]
[WhiteElo "2604"]
[BlackElo "2450"]
[PlyCount "140"]
[EventDate "2003.07.20"]

1. d4 Nf6 2. Nf3 e6 3. c4 d5 4. Nc3 c6 5. e3 Nbd7 6. Qc2 Bd6 7. b3 O-O 8. Be2
b6 9. O-O Bb7 10. Bb2 Rc8 11. Rfd1 Qe7 12. Rac1 c5 13. cxd5 Nxd5 14. Nxd5 Bxd5
15. e4 Bb7 16. d5 exd5 17. exd5 Ne5 18. Qc3 Nxf3+ 19. Bxf3 Qg5 20. h4 Qh6 21.
Re1 Rfe8 22. g3 Bf8 23. Rcd1 Qd6 24. h5 h6 25. Qc4 a6 26. a4 Rcd8 27. Rxe8 Rxe8
28. Kg2 Rd8 29. Qe2 Qd7 30. Qd3 b5 31. axb5 axb5 32. Be5 Re8 33. Bf4 Rc8 34.
Qe2 Re8 35. Qc2 Bd6 36. Be3 Rc8 37. Qe4 Re8 38. Qd3 Rc8 39. Rc1 Ba6 40. Qe4 Re8
41. Qg4 Qxg4 42. Bxg4 Bb7 43. Bf3 Rc8 44. Ra1 Ra8 45. Rc1 Rc8 46. Be4 c4 47.
bxc4 Rxc4 48. Rxc4 bxc4 49. Bd4 f5 50. Bf3 Kf7 51. Kf1 g6 52. Ke2 g5 53. Kd2
Bb4+ 54. Kc2 Be1 55. Kd1 Bb4 56. Bg2 Ba5 57. f4 g4 58. Bc5 Bc3 59. Ke2 Ba5 60.
Kd1 Bc3 61. Bf2 Bb4 62. Kc2 Ba5 63. Kb2 Bb4 64. Ka2 Ke8 65. Kb2 Kf7 66. Kc2 Ke8
67. Bd4 Kf7 68. Kd1 Ba5 69. Ke2 Bb4 70. Kd1 Ba5 1/2-1/2

[Event "Albox"]
[Site "(Almería)"]
[Date "2003.07.20"]
[Round "?"]
[White "Gamundi Salamanca, Antonio"]
[Black "Saldano, Horacio"]
[Result "1/2-1/2"]
[WhiteElo "2450"]
[BlackElo "2423"]
[PlyCount "77"]
[EventDate "2003.07.20"]

1. d4 e6 2. c4 Nf6 3. Nf3 b6 4. a3 Ba6 5. Nbd2 d5 6. e3 Be7 7. b4 O-O 8. Bb2
Nbd7 9. b5 Bb7 10. Be2 a6 11. a4 Ne4 12. O-O axb5 13. axb5 f5 14. Qc2 Bd6 15.
cxd5 Nxd2 16. Nxd2 exd5 17. g3 Qe7 18. Bf3 Nf6 19. Nc4 Ne4 20. Nxd6 cxd6 21.
Rxa8 Rxa8 22. Ra1 Rxa1+ 23. Bxa1 Qd7 24. Be2 Qc8 25. Bd3 Qxc2 26. Bxc2 g6 27.
f3 Nf6 28. Bc3 Kf8 29. Bb4 Ke7 30. h3 Bc8 31. g4 Bd7 32. Bd3 Ne8 33. Be1 Nc7
34. Bh4+ Ke8 35. Bg3 Ke7 36. Bh4+ Ke8 37. Bg3 Bxb5 38. Bb1 Bd3 39. Bxd3 1/2-1/2

[Event "Albox"]
[Site "(Almería)"]
[Date "2003.07.20"]
[Round "?"]
[White "Epishin, Vladimir"]
[Black "Zlotnik, Boris"]
[Result "1-0"]
[WhiteElo "2642"]
[BlackElo "2419"]
[PlyCount "67"]
[EventDate "2003.07.20"]

1. d4 Nf6 2. c4 g6 3. Nc3 Bg7 4. e4 d6 5. Nf3 O-O 6. Be2 e5 7. O-O Na6 8. Re1
c6 9. Bf1 Bg4 10. d5 c5 11. Be2 Ne8 12. g3 Bf6 13. Bh6 Ng7 14. h4 Nc7 15. Nh2
Bd7 16. Kg2 Be7 17. f4 exf4 18. Bxf4 Nce8 19. h5 g5 20. Bd2 h6 21. Rf1 f5 22.
exf5 Nxf5 23. Ng4 Nf6 24. Rxf5 Bxf5 25. Nxh6+ Kh8 26. Nxf5 Nh7 27. Qc2 Bf6 28.
Rf1 Be5 29. Ne4 Qd7 30. g4 Nf6 31. Nxg5 Rae8 32. Ne6 Rxe6 33. dxe6 Qxe6 34. Bf3
1-0

[Event "Albox"]
[Site "(Almería)"]
[Date "2003.07.20"]
[Round "?"]
[White "Rustemov, Alexander"]
[Black "Romero Holmes, Alfonso"]
[Result "1-0"]
[WhiteElo "2604"]
[BlackElo "2550"]
[PlyCount "99"]
[EventDate "2003.07.20"]

1. d4 e6 2. c4 b6 3. a3 Bb7 4. Nc3 f5 5. d5 Nf6 6. g3 Na6 7. Bg2 Nc5 8. Nf3
Nce4 9. O-O exd5 10. Nxd5 Nxd5 11. cxd5 Qf6 12. Bf4 Bd6 13. Bxd6 Qxd6 14. Qd4
O-O 15. Rfd1 Rae8 16. e3 c5 17. dxc6 Qxd4 18. Nxd4 dxc6 19. Rac1 c5 20. Nb5 Re7
21. b4 cxb4 22. axb4 a5 23. Nd6 axb4 24. Nxb7 Rxb7 25. Bxe4 fxe4 26. Rd4 Rbf7
27. Rc2 b3 28. Rb2 Ra7 29. Rxe4 Ra2 30. Rxa2 bxa2 31. Ra4 b5 32. Rxa2 b4 33.
Kf1 Rb8 34. Ke2 Kf7 35. Kd3 Ke6 36. f4 g5 37. Ra6+ Kf5 38. Ra5+ Kg4 39. Rxg5+
Kf3 40. Kc2 Kxe3 41. Rg7 h5 42. Kb3 h4 43. f5 hxg3 44. hxg3 Ke4 45. g4 Ke5 46.
Rg6 Rb7 47. f6 Ke6 48. g5 Rb8 49. Rg7 Kf5 50. f7 1-0

[Event "Albox"]
[Site "(Almería)"]
[Date "2003.10.13"]
[Round "?"]
[White "Saldano, Horacio"]
[Black "Del Rio Angelis, Gabriel"]
[Result "1/2-1/2"]
[WhiteElo "2423"]
[BlackElo "2492"]
[PlyCount "68"]
[EventDate "2003.07.20"]

1. d4 Nf6 2. Nf3 e6 3. c4 b6 4. g3 Bb7 5. Bg2 Be7 6. O-O O-O 7. Nc3 Ne4 8. Nxe4
Bxe4 9. Ne1 Bxg2 10. Nxg2 d6 11. e4 Nd7 12. Ne3 Nf6 13. Qc2 Qc8 14. b3 Qb7 15.
f3 Rfe8 16. Bb2 Nd7 17. Rad1 Bf8 18. d5 e5 19. Ng2 g6 20. Ne1 Bg7 21. Nd3 a5
22. Rde1 Re7 23. Bc1 Nc5 24. Be3 Rae8 25. Kh1 Qc8 26. g4 f5 27. Bxc5 bxc5 28.
gxf5 gxf5 29. Rg1 Kh8 30. Rg3 Bf6 31. Reg1 Bh4 32. R3g2 fxe4 33. fxe4 Qh3 34.
Qe2 Bf6 1/2-1/2

[Event "Albox"]
[Site "(Almería)"]
[Date "2003.07.20"]
[Round "?"]
[White "Epishin, Vladimir"]
[Black "Rustemov, Alexander"]
[Result "1/2-1/2"]
[WhiteElo "2642"]
[BlackElo "2604"]
[PlyCount "99"]
[EventDate "2003.07.20"]

1. d4 d5 2. c4 e6 3. Nc3 Be7 4. Nf3 Nf6 5. Bg5 h6 6. Bxf6 Bxf6 7. e3 O-O 8. Rc1
c6 9. Bd3 Nd7 10. O-O dxc4 11. Bxc4 e5 12. Ne4 exd4 13. Nxf6+ Nxf6 14. Qxd4 Qe7
15. h3 Be6 16. Qe5 Rfe8 17. Bxe6 Qxe6 18. Qxe6 Rxe6 19. Rfd1 Ree8 20. b4 Rad8
21. Rd4 Kf8 22. a4 a6 23. Kf1 Rxd4 24. Nxd4 Nd5 25. Rb1 g6 26. a5 Ke7 27. Ke1
Kd6 28. Kd2 Re7 29. g4 c5 30. bxc5+ Kxc5 31. h4 Nf6 32. f3 Nd5 33. Rb3 Kc4 34.
Ra3 Rd7 35. g5 hxg5 36. hxg5 Ne7 37. Ra4+ Kc5 38. Kc3 b5 39. axb6 Kxb6 40. e4
Rc7+ 41. Kb3 Nc6 42. Nxc6 Rxc6 43. Rd4 Kc7 44. f4 Rd6 45. Rc4+ Kd7 46. Ra4 Rc6
47. Ra5 Ke7 48. f5 gxf5 49. exf5 Kd6 50. g6 1/2-1/2

[Event "Albox"]
[Site "(Almería)"]
[Date "2003.07.20"]
[Round "?"]
[White "Romero Holmes, Alfonso"]
[Black "Suba, Mihai"]
[Result "1-0"]
[WhiteElo "2550"]
[BlackElo "2498"]
[PlyCount "91"]
[EventDate "2003.07.20"]

1. c4 Nf6 2. Nf3 c5 3. g3 e6 4. d4 cxd4 5. Nxd4 Bb4+ 6. Bd2 Be7 7. Bg2 Nc6 8.
Bc3 d5 9. Nd2 O-O 10. O-O Bd7 11. Rc1 Re8 12. e4 dxe4 13. Nxe4 Nxd4 14. Qxd4
Bc6 15. Qxd8 Rexd8 16. Nxf6+ Bxf6 17. Bxc6 bxc6 18. Bxf6 gxf6 19. Rfd1 a5 20.
Kf1 Kf8 21. Ke2 Rab8 22. Rc2 Ke7 23. Rd3 Rxd3 24. Kxd3 f5 25. Kc3 c5 26. Rd2 h5
27. Rd3 f6 28. Kc2 Rb4 29. Kc3 Rb8 30. Kc2 Rb4 31. b3 Rb8 32. Kc3 Rg8 33. Kb2
f4 34. Ka3 fxg3 35. hxg3 Rd8 36. Rxd8 Kxd8 37. Ka4 Kc7 38. Kxa5 e5 39. Kb5 Kd6
40. Kb6 f5 41. b4 Kd7 42. Kxc5 Ke6 43. b5 f4 44. b6 e4 45. b7 e3 46. b8=Q 1-0

[Event "Albox"]
[Site "(Almería)"]
[Date "2003.07.20"]
[Round "?"]
[White "Zlotnik, Boris"]
[Black "Gamundi Salamanca, Antonio"]
[Result "1-0"]
[WhiteElo "2419"]
[BlackElo "2450"]
[PlyCount "99"]
[EventDate "2003.07.20"]

1. d4 Nf6 2. c4 e6 3. Nc3 Bb4 4. Qc2 d5 5. cxd5 exd5 6. Bg5 h6 7. Bh4 c6 8. e3
O-O 9. Bd3 Nbd7 10. Nf3 Re8 11. O-O Be7 12. Bg3 Nf8 13. h3 Ne6 14. a3 Ng5 15.
Ne5 Bd6 16. Bh4 Be7 17. f3 Nd7 18. Bg3 Nxe5 19. Bxe5 Ne6 20. Rae1 Nf8 21. Bg3
Bd6 22. Bxd6 Qxd6 23. Qf2 Rd8 24. Rd1 Ne6 25. Bb1 Bd7 26. f4 Nf8 27. f5 Re8 28.
e4 dxe4 29. Nxe4 Qd5 30. Qf4 Nh7 31. Rf3 f6 32. h4 Nf8 33. Nc3 Qa5 34. Rg3 Kh8
35. Rf1 Re7 36. Kh2 Rae8 37. Ba2 Qd8 38. Rff3 Bc8 39. Bb1 Qc7 40. Qg4 Re3 41.
Be4 Rxf3 42. Qxf3 Rd8 43. Ne2 c5 44. d5 Re8 45. Nf4 Qe5 46. Ne6 Bxe6 47. fxe6
Qxb2 48. Qh5 Re7 49. d6 Rxe6 50. Qf7 1-0